| 000 | 00440nam a2200169 4500 | ||
|---|---|---|---|
| 005 | 20260116111434.0 | ||
| 020 | _a9789395161404 | ||
| 082 |
_a515.353 _bPHO.P |
||
| 084 | _2Colon Classification | ||
| 100 |
_aPhoolan Prasad _98063 |
||
| 245 | _aPartial differential equations | ||
| 250 | _a3rd ed. | ||
| 260 |
_a NewDelhi: _bNew Age International, _c2025. |
||
| 300 | _a236p. | ||
| 700 |
_aRenuka Ravindran _98064 |
||
| 942 |
_2ddc _c GIF |
||
| 999 |
_c755132 _d755132 |
||